00690nam a2200169 a 450000100100000000500170001000800410002704000250006811000690009324501350016226000330029730000200033070000390035004900090038995201050039899900170050300003009320250221073755.0110429s1993 dr 000 0 spa d aDO-SdBNPbspacBNPHU1 aRepública Dominicana.bOficina Nacional de Estadística9577510aRelación de los visitantes nacionales y extranjeros a los museos, años 1983-1992 /cpresentación Federico González Aviles. aSanto Domingo :bONE,c1993. a22 p. ;c28 cm.1 aGonzález Aviles, Federico956794 aBNPD 0010718PDaPDbPDcCTd2011-04-29iLF1l0o p30093-10r2020-06-25w2020-06-25yLFPDZNo se presta c29585d29585